Industrias prehistóricas en la zona oriental del protectorado de España de Marruecos (Record no. 121863)

MARC details
000 -LEADER
campo de control de longitud fija 00735nam a2200181 4500
001 - NÚMERO DE CONTROL
campo de control 121863
003 - IDENTIFICADOR DE NÚMERO DE CONTROL
campo de control ES-MaACL
005 - FECHA Y HORA DE LA ÚLTIMA TRANSACCIÓN
campo de control 20230906191840.0
007 - CAMPO FIJO DE DESCRIPCIÓN FÍSICA--INFORMACIÓN GENERAL
campo de control de longitud fija t|
008 - DATOS DE LONGITUD FIJA--INFORMACIÓN GENERAL
campo de control de longitud fija 070214s1951 sp r ||||1| spa d
100 1# - ENTRADA PRINCIPAL--NOMBRE DE PERSONA
Nombre de persona Posac Mon, Carlos F.
9 (RLIN) 93314
245 10 - MENCIÓN DEL TÍTULO
Título Industrias prehistóricas en la zona oriental del protectorado de España de Marruecos
Resto del título : el yacimiento del Kerker /
Mención de responsabilidad, etc. Carlos F. Posac Mon.
260 ## - PUBLICACIÓN, DISTRIBUCIÓN, ETC.
Lugar de publicación, distribución, etc. Tetuán :
Nombre del editor, distribuidor, etc. Editorial Marroquí,
Fecha de publicación, distribución, etc. 1951.
300 ## - DESCRIPCIÓN FÍSICA
Extensión 60 p., 8 lám. ;
Dimensiones 21 cm.
500 ## - NOTA GENERAL
Nota general Precede al Tit : Instituto General Franco de Estudios e Investigación Hispano-Arabe.
710 2# - ENTRADA AGREGADA--NOMBRE DE ENTIDAD CORPORATIVA
Nombre de entidad corporativa o nombre de jurisdicción como elemento de entrada Instituto General Franco de Estudios e Investigación Hispano-Árabe.
9 (RLIN) 149197
852 ## - LOCALIZACIÓN
Ubicación ES-MaACL
Número de control de estantería 1993-F-6
Sublocalización o colección R.38848
Holdings
Estatus retirado Estado de pérdida Estado de daño No para préstamo Colección Biblioteca de origen Biblioteca actual Ubicación en estantería Fecha de adquisición Fuente de adquisición Total de préstamos Signatura topográfica completa Código de barras Visto por última vez Precio de reemplazo Tipo de ítem Koha
        Colección de folletos Biblioteca del Ateneo de Madrid Biblioteca del Ateneo de Madrid Depósito folletos 17/01/2008     1993-F-6 1126997 23/02/2023 23/02/2023 Folleto